01014cam a2200289 i 450000100100000000500170001000800410002703500190006804000300008705000210011708200170013810000330015524500660018825000110025426000570026530000210032249000250034350400380036850000220040665000670042883000320049591000280052708200160055504900090057195201270058099900170070700001813820200929165354.0750108t19691963fr b 001 0 fre  a(DLC) 74195391 aDO-SdBNPcDLCdDLCdBNPHU00aPQ305b.B55 1973 axxxxxbB682e1 aBoisdeffre, Pierre de93930114aLes ecrivains francais d'aujourd'hui /cPierre de Boisdeffre. a4a ed. aParís :bPresses universitaires de France,c1969,. a127 p. ;c18 cm.0 aQue sais-je? ;v1057 aIncluye bibliografía: [p. 125.] aIncluye índeice 0aFrench literaturey20th centuryxHistory and criticism.939302 0aQue sais-je? ;n1057939303 aCatalogación derivada00a840/.9/0091 aBNGR 001050718MOaGRbGRcCTd2010-04-15iLF1l0oxxxxx 840/.9/0091 B682ep18138-10r2020-06-25w2020-06-25y1ZNo se presta c17659d17659